आSाार्य अत्रे Sारित्र आणि वाIमय (Record no. 338950)

MARC details
000 -LEADER
fixed length control field 00713nam a2200169Ia 4500
008 - FIXED-LENGTH DATA ELEMENTS--GENERAL INFORMATION
fixed length control field 090711s9999 xx 000 0 und d
082 ## - DEWEY DECIMAL CLASSIFICATION NUMBER
Item number 1905
100 ## - MAIN ENTRY--PERSONAL NAME
Personal name देशपांडे माधव का.
245 ## - TITLE STATEMENT
Title आSाार्य अत्रे Sारित्र आणि वाIमय
260 ## - PUBLICATION, DISTRIBUTION, ETC. (IMPRINT)
Name of publisher, distributor, etc यशवंत गोपाळ जोशी
Date of publication, distribution, etc 2001
300 ## - PHYSICAL DESCRIPTION
Extent 104
600 ## - SUBJECT ADDED ENTRY--PERSONAL NAME
Personal name देशपांडे माधव का.
630 ## - SUBJECT ADDED ENTRY--UNIFORM TITLE
Uniform title आSाार्य अत्रे Sारित्र आणि वाIमय
700 ## - ADDED ENTRY--PERSONAL NAME
Personal name देशपांडे माधव का.
730 ## - ADDED ENTRY--UNIFORM TITLE
Uniform title आSाार्य अत्रे Sारित्र आणि वाIमय
942 ## - ADDED ENTRY ELEMENTS (KOHA)
Koha item type Book

No items available.